Top 10 Songs by R.E.M. - Statistics

General Stats
  • This quiz has been taken 8 times
  • The average score is 5 of 10
Answer Stats
Hint Answer % Correct
1 Losing My Religion
100%
2 Everybody Hurts
86%
5 Shiny Happy People
71%
9 What's the Frequency, Kenneth
71%
8 Man on the Moon
57%
4 The One I Love
43%
3 It's the End of the World as We Know it (And I Feel Fine)
29%
6 Nightswimming
29%
7 Orange Crush
29%
10 Driver 8
0%
No matching quizzes found
Score Distribution
Percent of People with Each Score
Percentile by Number Answered
Your Score History
You have not taken this quiz